Odyssey (Record no. 3228)
[ view plain ]
| 000 -LEADER | |
|---|---|
| fixed length control field | 00516cam a2200217ua 4500 |
| 001 - CONTROL NUMBER | |
| control field | 3386 |
| 005 - DATE AND TIME OF LATEST TRANSACTION | |
| control field | 20260515113654.0 |
| 008 - FIXED-LENGTH DATA ELEMENTS--GENERAL INFORMATION | |
| fixed length control field | 111105n ii |||gr||||Z||||||asm |
| 040 ## - CATALOGING SOURCE | |
| Transcribing agency | MAIN |
| 082 ## - DEWEY DECIMAL CLASSIFICATION NUMBER | |
| Classification number | 883 |
| 100 ## - MAIN ENTRY--PERSONAL NAME | |
| Personal name | Homer, |
| 245 11 - TITLE STATEMENT | |
| Title | Odyssey |
| Statement of responsibility, etc. | by Homer |
| 250 ## - EDITION STATEMENT | |
| Edition statement | 6th. |
| 260 ## - PUBLICATION, DISTRIBUTION, ETC. | |
| Place of publication, distribution, etc. | Guwahati: |
| Name of publisher, distributor, etc. | Publication board assam, |
| Date of publication, distribution, etc. | 2004. |
| 300 ## - PHYSICAL DESCRIPTION | |
| Extent | 280p: |
| Dimensions | 23cm. |
| 653 ## - INDEX TERM--UNCONTROLLED | |
| Uncontrolled term | Greek novel |
| 653 ## - INDEX TERM--UNCONTROLLED | |
| Uncontrolled term | Assamese novel |
| 653 ## - INDEX TERM--UNCONTROLLED | |
| Uncontrolled term | Odyssey |
| 700 ## - ADDED ENTRY--PERSONAL NAME | |
| Personal name | Chakravarty, Amulya Kumar, |
| Relator term | Translated., |
| 942 ## - ADDED ENTRY ELEMENTS (KOHA) | |
| Koha item type | Books |
| Withdrawn status | Lost status | Damaged status | Not for loan | Home library | Current library | Shelving location | Date acquired | Total checkouts | Full call number | Barcode | Date last seen | Date last checked out | Copy number | Price effective from | Koha item type |
|---|---|---|---|---|---|---|---|---|---|---|---|---|---|---|---|
| Naharkatiya College Library | Naharkatiya College Library | General stacks | 09/19/2020 | 2 | 883 | HOM | 17136 | 08/30/2023 | 08/16/2023 | 1 | 09/19/2020 | Books |